SETTIMANA DEL CLERO. SUPPLEMENTO AL Num. 15, APRILE 1976. I MINISTERI NELLA CHIESA ALLA LUCE DEL NUOVO TESTAMENTO. (Record n. 324746)
[ formato base ]
| 000 -LEADER | |
|---|---|
| fixed length control field | 01329nas a2200277Ia 4500 |
| 001 - CONTROL NUMBER | |
| control field | R262-R6152 |
| 003 - CONTROL NUMBER IDENTIFIER | |
| control field | IT-CnALBA |
| 008 - FIXED-LENGTH DATA ELEMENTS--GENERAL INFORMATION | |
| fixed length control field | 170116c99999999xx |||||||||||| ||und|| |
| 040 ## - CATALOGING SOURCE | |
| Original cataloging agency | IT-CnALBA |
| Transcribing agency | IT-CnALBA |
| 041 ## - LANGUAGE CODE | |
| Language code of text/sound track or separate title | ITALIANO |
| 999 ## - SYSTEM CONTROL NUMBERS (KOHA) | |
| Koha Dewey Subclass [OBSOLETE] | NO |
| 100 ## - MAIN ENTRY--PERSONAL NAME | |
| Personal name | CAVEDO ROMEO |
| 210 ## - ABBREVIATED TITLE | |
| Abbreviated title | SETTIMANA DEL CLERO |
| 222 ## - KEY TITLE | |
| Key title | SETTIMANA DEL CLERO |
| 245 #0 - TITLE STATEMENT | |
| Title | SETTIMANA DEL CLERO. SUPPLEMENTO AL Num. 15, APRILE 1976. I MINISTERI NELLA CHIESA ALLA LUCE DEL NUOVO TESTAMENTO. |
| 250 ## - EDITION STATEMENT | |
| Edition statement | 1a ed. |
| 260 ## - PUBLICATION, DISTRIBUTION, ETC. (IMPRINT) | |
| Place of publication, distribution, etc. | BOLOGNA - NAPOLI |
| Name of publisher, distributor, etc. | DEHONIANE EDIZIONI |
| Date of publication, distribution, etc. | 1976 [1° Ed.:1976 - Ed.Ling.Originale: 1976] |
| 300 ## - PHYSICAL DESCRIPTION | |
| Extent | 32 p. |
| 310 ## - CURRENT PUBLICATION FREQUENCY | |
| Current publication frequency | VARIA |
| 362 ## - DATES OF PUBLICATION AND/OR SEQUENTIAL DESIGNATION | |
| Dates of publication and/or sequential designation | (1976) |
| 500 ## - GENERAL NOTE | |
| General note | ALCUNI TESTI DI ATTI. IMPORTANTI TESTI PAOLINI. SINTESI E PROBLEMI. OMELIA SECONDA DOMENICA DI PASQUA. ELEZIONE DI MATTIA. I SETTE DIACONI. MISSIONARI SPONTANEI. IL DONO DELLO SPIRITO. BARNABA ISTRUTTORE. CONCILIO DI GERUSALEMME. |
| 501 ## - WITH NOTE | |
| With note | Società San Paolo EM - Piazza San Paolo, 14 - 12051 ALBA (CN) (non commercial uses only) ® Copyright 2017 |
| 520 ## - SUMMARY, ETC. | |
| Summary, etc. | ALCUNI TESTI DI ATTI. IMPORTANTI TESTI PAOLINI. SINTESI E PROBLEMI. OMELIA SECONDA DOMENICA DI PASQUA. ELEZIONE DI MATTIA. I SETTE DIACONI. MISSIONARI SPONTANEI. IL DONO DELLO SPIRITO. BARNABA ISTRUTTORE. CONCILIO DI GERUSALEMME. |
| 650 ## - SUBJECT ADDED ENTRY--TOPICAL TERM | |
| Topical term or geographic name as entry element | ECCLESIOLOGIA |
| 942 ## - ADDED ENTRY ELEMENTS (KOHA) | |
| Koha item type | RIVISTA |
| 957 ## - | |
| -- | 1 |
| 999 ## - SYSTEM CONTROL NUMBERS (KOHA) | |
| -- | 1 |
| Withdrawn status | Lost status | Damaged status | Not for loan | Home library | Current library | Date acquired | Total Checkouts | Full call number | Date last seen | Price effective from | Koha item type | Public note |
|---|---|---|---|---|---|---|---|---|---|---|---|---|
| Buone Condizioni | Not For Loan | ALBA - Biblioteca | ALBA - Biblioteca | 16/01/2017 | R262-R6152 | 16/01/2017 | 16/01/2017 | RIVISTA | (data import: 16 gennaio 2017) - By Epidotti, Vaglietti. |